| 000 | 00615nam a22001937a 4500 | ||
|---|---|---|---|
| 005 | 20251108172034.0 | ||
| 008 | 250721s1990 xx 000 0 ara d | ||
| 082 | 1 | 4 | _a530.01/كار |
| 100 | 1 | _aكارناب، رودلف | |
| 245 | 1 | 0 |
_aالأسس الفلسفية للفيزياء : _bمدخل إلى فلسفة العلوم / |
| 264 | 1 |
_aالقاهرة : _bدار الثقافة الجديدة، _c1990. |
|
| 300 | _a326ص | ||
| 650 | 1 | 7 | _aالفيزياء |
| 650 | 1 | 7 | _aالفلسفة |
| 650 | 1 | 7 | _aالنظريات |
| 700 | 1 |
_aنفادى، السيد _eترجمة |
|
| 942 |
_2ddc _cBK |
||
| 999 |
_c68877 _d68877 |
||